- Colette,
Entry Nombre Personal
001 - NUMERO DE CONTROL
- campo de control: 52703
003 - IDENTIFICADOR DE NUMERO DE CONTROL
- campo de control: DLC
005 - FECHA Y HORA DE LA ÜLTIMA TRANSACCIÓN
- campo de control: 20240705132706.0
008 - DATOS DE LONGITUD FIJA
- campo de control de longitud fija: 800623n| azannaabn |b aaa
010 ## - NÚMERO DE CONTROL DE LA BIBLIOTECA DEL CONGRESO
- Número de control LC: n 79097475
035 ## - NUMERO DE CONTROL
- Número de control: (OCoLC)oca00329665
040 ## - FUENTE DE CATALOGACIÓN
- Agencia original de catalogación: DLC
- Lenguaje de catalogación: spa
- Description conventions: rda
- Agencia de transcripción: DLC
- Agencia que lo modifica: DLC
- Agencia que lo modifica: OCoLC
- Agencia que lo modifica: CU
- Agencia que lo modifica: DLC
- Agencia que lo modifica: NL-UtRU
- Agencia que lo modifica: DLC
- Agencia que lo modifica: OCoLC
- Agencia que lo modifica: IEN
- Agencia que lo modifica: MX-MxUPN
046 ## - FECHAS CON CODIFICACIÓN ESPECIAL
- Fecha de nacimiento: 1873-01-28
- Fecha de muerte: 1954-08-03
- Fuente del formato de fecha: edtf
053 #0 - NÚMERO DE CLASIFICACIÓN LC
- Número de clasificación elemento-número único o número inicial de tramo: PQ2605.O28
100 0# - ENCABEZAMIENTO - NOMBRE PERSONAL
- Nombre personal: Colette,
- Fechas asociadas con el nombre: 1873-1954
370 ## - LUGAR ASOCIADO
- Place of birth: Saint-Sauveur-en-Puisaye (Francia)
- Place of death: Paris (Francia)
- Associated country: Francia
374 ## - OCUPACIÓN
- Occupation: Novelista
- Occupation: Periodista
- Occupation: Actor
- Occupation: Mimo
377 ## - LENGUA ASOCIADA
- Language code: fre
400 1# - VEÁSE - NOMBRE DE PERSONA
- Control subfield: nnaa
- Personal name: Colette, Sidonie Gabrielle,
- Dates associated with a name: 1873-1954
400 0# - VEÁSE - NOMBRE DE PERSONA
- Personal name: Colettová,
- Dates associated with a name: 1873-1954
400 1# - VEÁSE - NOMBRE DE PERSONA
- Personal name: Gauthier-Villars, Henry,
- Titles and other words associated with a name: Mme,
- Dates associated with a name: 1873-1954
400 1# - VEÁSE - NOMBRE DE PERSONA
- Personal name: Goudeket, Maurice,
- Titles and other words associated with a name: Mme,
- Dates associated with a name: 1873-1954
400 1# - VEÁSE - NOMBRE DE PERSONA
- Personal name: Jouvenel, Gabrielle Claudine Colette de,
- Dates associated with a name: 1873-1954
400 1# - VEÁSE - NOMBRE DE PERSONA
- Personal name: Jouvenel, Henri de,
- Titles and other words associated with a name: Mme,
- Dates associated with a name: 1873-1954
400 0# - VEÁSE - NOMBRE DE PERSONA
- Personal name: Koleta,
- Dates associated with a name: 1873-1954
400 1# - VEÁSE - NOMBRE DE PERSONA
- Personal name: Willy, Colette,
- Dates associated with a name: 1873-1954
500 0# - MENCIÓN DE REFERENCIA “VÉASE ADEMÁS”- NOMBRE DE PERSONA
- Control subfield: r
- Relationship information: Identidad alterna:
- Personal name: Willy,
- Dates associated with a name: 1873-1954
670 ## - FUENTE EN LA QUE SE LOCALIZARON DATOS
- Cita de la fuente: Six novels, c1987:
- Información localizada: portada (Colette) solapa (b. 1873, d. 1954 in Paris)
670 ## - FUENTE EN LA QUE SE LOCALIZARON DATOS
- Cita de la fuente: Wikipedia, viewed March 11, 2020
- Información localizada: (Colette ; a French author, and was also known as a mime, actress, and journalist ; born 28 January 1873 in Saint-Sauveur-en-Puisaye, died 3 August 1954 in Paris ; her first four novels appeared under the pseudonym Willy, which was also her husband's (Henry Gauthier-Villars) pseudonym)
- Uniform Resource Identifier: https://en.wikipedia.org/wiki/Colette
670 ## - FUENTE EN LA QUE SE LOCALIZARON DATOS
- Cita de la fuente: L'ingénue libertine : roman, 1900:
- Información localizada: portada (Colette Willy)
902 ## - CATALOGADOR
- Catalogador: Víctor Ruiz/050724
